[Event "S60089 Premier Quad"]
[Site "CCLA"]
[Date "2016.02.12"]
[Round "?"]
[White "Petty, Kirk D."]
[Black "Haase, F. Philip"]
[Result "0-1"]
[WhiteElo "1734"]
[BlackElo "1959"]

1. c4 e5 2. g3 Nf6 3. Bg2 Bc5 4. Nc3 d6 5. a3 h6 6. e3 O-O 7. Nge2 c6 8. 
O-O Bb6 9. d4 Bf5 10. b4 Nbd7 11. a4 exd4 12. Nxd4 Bg6 13. a5 Bxd4 14. 
exd4 Re8 0-1

[Event "S60289 Regular Quad"]
[Site "CCLA"]
[Date "2017.01.07"]
[Round "?"]
[White "Walsh, Patrick"]
[Black "Blankenship, Jerry T."]
[Result "0-1"]
[WhiteElo "1647"]
[BlackElo "1675"]

1. g3 e5 2. c4 Nf6 3. Bg2 c6 4. d4 exd4 5. Qxd4 c5 6. Qd3 Nc6 7. Nc3 Be7 
8. Nf3 O-O 9. O-O d6 10. Bf4 Nb4 11. Qd2 Be6 12. a3 Nc6 0-1

[Event "S67029 Gustafson Memorial Open"]
[Site "CCLA"]
[Date "2016.11.20"]
[Round "?"]
[White "Jones, Jan"]
[Black "O'Keefe, Michael J."]
[Result "1/2-1/2"]
[WhiteElo "2204"]
[BlackElo "2074"]

1. c4 e5 2. g3 Nf6 3. Bg2 c6 4. d4 exd4 5. Qxd4 d5 6. Nc3 dxc4 7. Qxd8+ 
Kxd8 8. Bg5 Kc7 9. Nf3 Bd6 10. O-O Nbd7 11. Rfd1 Ne5 12. Nd4 Bd7 13. b3 h6
14. Bxf6 gxf6 15. bxc4 Nxc4 16. Rac1 Be7 17. Bd5 Nd6 18. Ncb5+ Nxb5 19. 
Nxb5+ Kb6 20. Bxf7 Rad8 21. Nd4 c5 22. Rb1+ Kc7 23. Rdc1 b6 24. a4 Bxa4 
25. Ne6+ Kb7 26. Rxc5 Rc8 27. Rd5 Bc6 28. Rh5 Kb8 29. Bg6 Bd6 30. Rh4 Bb7 
31. Rd4 Be5 32. Rdd1 Rhg8 33. Bh7 Rge8 34. Bf5 Re7 35. f4 Bc3 36. Kf2 Rce8
37. Rd3 Rc8 38. e3 Ba6 39. Rd6 Bc4 40. Nd4 Bxd4 41. Rxd4 Rc6 42. Rc1 b5 
43. Bd3 Rec7 44. Be4 Ra6 45. Rd8+ Rc8 46. Rxc8+ Kxc8 47. Bd5 Ra4 48. e4 a5
49. Ke3 Ra3+ 50. Kd4 Rd3+ 51. Kc5 Bxd5 52. Kxb5+ Kd7 53. exd5 1/2-1/2

[Event "S60319 Regular Quad"]
[Site "CCLA"]
[Date "2017.01.07"]
[Round "?"]
[White "Walsh, Patrick"]
[Black "Moujan, Pablo"]
[Result "1-0"]
[WhiteElo "1647"]
[BlackElo "1519"]

1. g3 e5 2. c4 c6 3. d4 e4 4. Nc3 d5 5. Bg2 Nf6 6. cxd5 cxd5 7. Bg5 Nbd7 
8. Qb3 Bd6 9. f3 h6 10. Bxf6 Nxf6 11. fxe4 dxe4 12. Nxe4 Nxe4 13. Bxe4 O-O
14. Nf3 Be6 15. Qb5 Rb8 16. O-O Qe7 17. Bc2 Bd7 18. Qd3 f5 19. Nh4 Qg5 20.
 Nxf5 Bxf5 21. Rxf5 Rxf5 22. Qxf5 Qe3+ 23. Kh1 Qxd4 24. Rf1 g6 25. Qxg6+ 
Qg7 26. Qxd6 Rc8 27. Bb3+ Kh8 28. Rf7 Qxb2 29. Qxh6+ 1-0

[Event "S67089 Gustafson Memorial Open"]
[Site "CCLA"]
[Date "2016.11.20"]
[Round "?"]
[White "McLaughlin, Ed"]
[Black "Stetson, Micah P."]
[Result "1-0"]
[WhiteElo "1635"]
[BlackElo "1472"]

1. c4 d6 2. Nc3 e5 3. d3 f5 4. f4 Nf6 5. Nf3 exf4 6. Bxf4 Be7 7. Nd5 Nxd5 
8. cxd5 O-O 9. Rc1 Nd7 10. Qc2 Nf6 11. e4 fxe4 12. dxe4 Nh5 13. Be3 1-0

[Event "S60041 Winter Series"]
[Site "CCLA"]
[Date "2016.01.28"]
[Round "?"]
[White "Stevens, Daniel L."]
[Black "Anderson, Clarence"]
[Result "0-1"]
[WhiteElo "1743"]
[BlackElo "1853"]

1. c4 g6 2. Nc3 Bg7 3. g3 e5 4. Bg2 d6 5. e4 Nc6 6. Nge2 Nge7 7. O-O Be6 
8. Nd5 O-O 9. d3 Qd7 10. b4 Bxd5 11. cxd5 Nxb4 12. Rb1 c5 13. a3 Na6 14. 
f4 exf4 15. Nxf4 Rab8 16. Bh3 Qd8 17. Bb2 b5 18. Qg4 Nc7 19. Bxg7 Kxg7 20.
 Nh5+ Kh8 21. Nf6 Ng8 22. Nxg8 Kxg8 23. Rf4 a5 24. Rbf1 b4 25. Qf3 Qe7 26.
 axb4 axb4 27. Rf6 Nb5 28. Qf4 Kg7 29. Qg5 Rbe8 30. Qf4 b3 31. g4 Ra8 32. 
e5 dxe5 33. Qc4 Nd4 34. g5 Qb7 35. Qxc5 Ne2+ 36. Kh1 Nf4 37. Rb6 Qa7 38. 
Qd6 Nxh3 39. Qxe5+ Kg8 40. Rxb3 Nf2+ 41. Kg2 Ng4 0-1

[Event "S60061 Winter Series"]
[Site "CCLA"]
[Date "2016.01.28"]
[Round "?"]
[White "McLaughlin, Ed"]
[Black "Cangelosi, Dominic"]
[Result "1-0"]
[WhiteElo "1633"]
[BlackElo "1417"]

1. c4 e5 2. Nc3 Bb4 3. a3 Bc5 4. Nf3 c6 5. b4 Bb6 6. Bb2 d6 7. e3 Bg4 8. 
Be2 Nf6 9. O-O O-O 10. d4 Nbd7 11. c5 dxc5 12. dxc5 Bc7 13. Qc2 b5 14. 
Rad1 Qb8 15. e4 a5 16. Nh4 Be6 17. h3 a4 18. Rd3 Bb3 19. Qd2 Nh5 20. Bxh5 
Bc4 21. Rxd7 Bxf1 22. Kxf1 Rd8 23. Bxf7+ Kf8 24. Be6 Rxd7 25. Qxd7 Qd8 26.
 Nf5 Qxd7 27. Bxd7 Rd8 28. Bxc6 Rd2 29. Nxb5 Bd8 30. Bc3 Ra2 31. Bxe5 1-0

[Event "S60221 Summer Series"]
[Site "CCLA"]
[Date "2016.07.31"]
[Round "?"]
[White "Greco, Tom"]
[Black "Zarges, Ron V."]
[Result "1/2-1/2"]
[WhiteElo "1668"]
[BlackElo "1655"]

1. c4 e5 2. g3 Nc6 3. Bg2 g6 4. Nc3 Bg7 5. e3 d6 6. Nge2 Nge7 7. O-O O-O 
8. d3 Bg4 9. h3 Be6 10. Nd5 Qd7 11. Kh2 f5 12. f4 Rae8 13. Nec3 a6 14. Rb1
Nd8 15. Bd2 Nxd5 16. Nxd5 c6 17. Nb6 Qf7 18. a4 e4 19. b3 exd3 20. Bc1 Qc7
21. a5 Nf7 22. Qxd3 Re7 23. Rf2 Rfe8 24. Bd2 Bd7 25. Rbf1 Nh6 26. Rf3 Kf7 
27. Rd1 Re6 28. Bb4 Bf8 29. Bc3 Bg7 30. Bb4 Bf8 1/2-1/2

[Event "S60221 Summer Series"]
[Site "CCLA"]
[Date "2016.07.31"]
[Round "?"]
[White "Zarges, Ron V."]
[Black "Smiley, William R."]
[Result "1/2-1/2"]
[WhiteElo "1655"]
[BlackElo "1563"]

1. c4 e5 2. Nc3 Nf6 3. Nf3 Nc6 4. g3 d5 5. cxd5 Nxd5 6. Bg2 Nf6 7. O-O Be7
8. d3 O-O 9. a3 Re8 10. b4 Bf8 11. Bb2 a6 12. h3 Bd6 13. e4 Bd7 14. Nd5 
Nxd5 15. exd5 Na7 16. a4 b6 17. Qd2 f6 18. Qc3 Nc8 19. Qb3 Ne7 20. d4 Ng6 
21. Kh2 exd4 22. Nxd4 Qc8 23. Ne6 c6 24. Nd4 c5 25. Rac1 Ra7 26. Nc6 Rc7 
27. b5 a5 28. Qc4 Kf8 29. Rfe1 Kf7 30. Re2 Rxe2 31. Qxe2 Kf8 32. Qd2 Kf7 
33. Re1 Kf8 34. f4 Kf7 35. Qe3 1/2-1/2

[Event "S67059 Gustafson Memorial Open"]
[Site "CCLA"]
[Date "2016.11.20"]
[Round "?"]
[White "Petty, Kirk D."]
[Black "Gerber, David F."]
[Result "0-1"]
[WhiteElo "1734"]
[BlackElo "1738"]

1. c4 e5 2. g3 Nf6 3. Bg2 d5 4. cxd5 Nxd5 5. Nc3 Nb6 6. Nf3 Nc6 7. d3 Be7 
8. O-O O-O 9. a3 Be6 10. Be3 f5 0-1

[Event "S60019 Regular Quad"]
[Site "CCLA"]
[Date "2016.01.27"]
[Round "?"]
[White "Capuzzi, Gabriele"]
[Black "Smiley, William R."]
[Result "1-0"]
[WhiteElo "1613"]
[BlackElo "1563"]

1. Nf3 b6 2. g3 Bb7 3. Bg2 c5 4. c4 e6 5. b3 d5 6. cxd5 exd5 7. d4 Nf6 8. 
O-O cxd4 9. Nxd4 Be7 10. Bb2 O-O 11. e3 Re8 12. Nd2 Nbd7 13. Rc1 Rc8 14. 
N2f3 Rxc1 15. Qxc1 h6 16. Nf5 Bf8 17. N3d4 g6 18. Nh4 a6 19. Rd1 Kh7 20. 
Qb1 Be7 21. Nhf3 Bf8 22. Ne1 Bg7 23. Nd3 Kg8 24. Nf4 Nf8 25. Qa1 g5 26. 
Nfe2 Qe7 27. Nf5 Qe6 28. Ned4 Qd7 29. Nxg7 Kxg7 30. h3 N8h7 31. g4 1-0

[Event "S60211 Summer Series"]
[Site "CCLA"]
[Date "2016.07.31"]
[Round "?"]
[White "Kappel, Ray D."]
[Black "Thomas, Gerald K."]
[Result "0-1"]
[WhiteElo "1657"]
[BlackElo "1901"]

1. Nf3 Nf6 2. c4 c5 3. g3 Nc6 4. Bg2 e5 5. Nc3 d6 6. O-O Be7 7. d3 O-O 8. 
a3 h6 9. Rb1 Bg4 10. b4 Qd7 11. e3 cxb4 12. axb4 a6 13. Qa4 b5 14. Qa2 
Rfc8 15. Qb2 Rab8 16. cxb5 axb5 17. d4 e4 18. Nd2 d5 19. f3 exf3 20. Nxf3 
Bxb4 21. Bd2 Bxc3 22. Bxc3 Bf5 23. Ra1 b4 24. Bd2 Bd3 25. Rfc1 Qe6 26. Bf1
Bc4 27. Ne5 Nxe5 28. dxe5 Ne4 29. Bg2 Nxd2 30. Qxd2 Qxe5 31. Rab1 b3 32. 
Rd1 b2 0-1

[Event "S60211 Summer Series"]
[Site "CCLA"]
[Date "2016.07.31"]
[Round "?"]
[White "Kappel, Ray D."]
[Black "Jarmuz, Frederick"]
[Result "0-1"]
[WhiteElo "1657"]
[BlackElo "1965"]

1. Nf3 Nf6 2. c4 c5 3. g3 d5 4. cxd5 Nxd5 5. Bg2 Nc6 6. d4 cxd4 7. Nxd4 
Ndb4 8. Nxc6 Qxd1+ 9. Kxd1 Nxc6 10. Be3 g6 11. Bxc6+ bxc6 12. Bd4 f6 13. 
Bc5 Bh6 14. Nc3 Bf5 15. e4 Rd8+ 16. Kc2 Rd2+ 17. Kb3 Bg4 18. Bxa7 Be6+ 19.
 Ka3 O-O 20. Na4 Ra8 21. Bc5 Bg4 22. Rhe1 e5 23. Kb4 Rdd8 24. Be3 Rdb8+ 
0-1

[Event "S60021 Winter Series"]
[Site "CCLA"]
[Date "2016.01.28"]
[Round "?"]
[White "O'Keefe, Michael J."]
[Black "Sereni, Vincent T."]
[Result "1/2-1/2"]
[WhiteElo "2074"]
[BlackElo "2107"]

1. Nf3 Nf6 2. c4 c5 3. g3 Nc6 4. Bg2 e5 5. d3 Be7 6. Nc3 O-O 7. O-O d6 8. 
Rb1 h6 9. a3 a6 10. b3 Rb8 11. Bb2 Bg4 12. Ne1 Qd7 13. Nc2 b5 14. Ne3 Bh5 
15. Ncd5 Nd4 16. Nxf6+ Bxf6 17. Bxd4 exd4 18. Nd5 Bd8 19. Re1 Re8 20. Bf3 
Bg6 21. Qc2 Bf5 22. Bg2 Bg4 23. e3 dxe3 24. Nxe3 Be6 25. Nd5 a5 26. Qd1 
Bf5 27. Rxe8+ Qxe8 28. Ne3 Bd7 29. cxb5 Bxb5 30. a4 Bd7 31. Bd5 Qe7 32. 
Nc4 Qf6 33. Qh5 Bc7 34. Re1 Kf8 35. Qd1 Qc3 36. Re3 f5 37. Qf3 Qa1+ 38. 
Kg2 Qf6 39. Re1 Rxb3 40. Ne5 dxe5 41. Bxb3 Bc6 42. Bd5 Bxa4 43. Rb1 Bd7 
44. Kg1 Ke7 45. Rb7 Qd6 46. h4 a4 47. g4 f4 48. Qe4 Kd8 49. Ra7 Be8 50. 
Ra8+ Ke7 51. Qc4 Bd7 52. Ra6 Bb6 53. g5 hxg5 54. hxg5 Qg6 55. Kf1 Bc8 56. 
Qxc5+ Bxc5 57. Rxg6 Bh3+ 58. Ke2 Kf8 59. Be6 Bg2 60. f3 a3 61. Bf5 Kf7 
1/2-1/2

[Event "S60201 Summer Series"]
[Site "CCLA"]
[Date "2016.07.31"]
[Round "?"]
[White "Quirk, Michael"]
[Black "Clancey, James"]
[Result "1-0"]
[WhiteElo "2166"]
[BlackElo "2039"]

1. d4 Nf6 2. c4 g6 3. g3 Bg7 4. Bg2 c5 5. Nf3 cxd4 6. Nxd4 O-O 7. Nc3 Nc6 
8. O-O Qb6 9. Nc2 d6 10. b3 Be6 11. Nd5 Bxd5 12. cxd5 Ne5 13. Be3 Qc7 14. 
Bd4 Rac8 15. Rc1 Qa5 16. a4 Ned7 17. e4 h5 18. Qe2 Nc5 19. b4 Qa6 20. Qxa6
Nxa6 21. Rfd1 Rc4 22. Bf1 Rc7 23. e5 Ne4 24. f4 dxe5 25. fxe5 Nc3 26. d6 
exd6 27. exd6 Rcc8 28. Bxg7 Kxg7 29. Rd2 Ne4 30. Rd4 Nxd6 31. Bxa6 Nf5 32.
 Bc4 Nxd4 33. Nxd4 Rc7 34. Nb5 Rd7 35. Bf1 a6 36. Nc7 Rfd8 37. b5 axb5 38.
 axb5 Rd1 39. Rxd1 Rxd1 40. Kf2 Rc1 41. Ne8+ Kf8 42. Nd6 b6 43. Nc4 1-0

[Event "S67059 Gustafson Memorial Open"]
[Site "CCLA"]
[Date "2016.11.20"]
[Round "?"]
[White "Gerber, David F."]
[Black "Catania, Duane"]
[Result "1-0"]
[WhiteElo "1738"]
[BlackElo "1779"]

1. d4 e6 2. c4 b6 3. e4 Bb7 4. Bd3 Bb4+ 5. Bd2 Bxd2+ 6. Nxd2 f5 7. Ngf3 
fxe4 8. Nxe4 Nf6 9. Qc2 Nc6 10. a3 Qe7 11. O-O-O O-O-O 12. Rhe1 Nxe4 13. 
Bxe4 Qf6 14. Ne5 Nxe5 15. dxe5 Qh6+ 16. Kb1 Qxh2 17. Bxb7+ Kxb7 18. Qe4+ 
Kb8 19. Rh1 d5 20. exd6 1-0

[Event "S60041 Winter Series"]
[Site "CCLA"]
[Date "2016.01.28"]
[Round "?"]
[White "Strelecky, Rich"]
[Black "Catania, Duane"]
[Result "0-1"]
[WhiteElo "1652"]
[BlackElo "1779"]

1. d4 e6 2. c4 b6 3. e4 Bb7 4. Bd3 Bb4+ 5. Nc3 f5 6. Qe2 Nf6 7. f3 fxe4 8.
 fxe4 Nxe4 9. Bxe4 Bxc3+ 10. Kd1 Bxe4 11. Qxe4 Bxd4 12. Qxa8 O-O 13. Nf3 
Qf6 14. Bg5 Qf5 15. Kc1 Nc6 16. Qb7 Qd3 17. Nxd4 Nxd4 0-1

[Event "S60089 Premier Quad"]
[Site "CCLA"]
[Date "2016.02.12"]
[Round "?"]
[White "Petty, Kirk D."]
[Black "Catania, Duane"]
[Result "0-1"]
[WhiteElo "1734"]
[BlackElo "1779"]

1. d4 e6 2. c4 b6 3. e4 Bb7 4. Nc3 Bb4 5. f3 Qh4+ 6. g3 Qe7 7. Ne2 f5 8. 
Bg2 fxe4 9. fxe4 Nc6 10. a3 Bxc3+ 11. Nxc3 O-O-O 12. O-O h6 13. b4 Rf8 0-1

[Event "S67109 Gustafson Memorial Open"]
[Site "CCLA"]
[Date "2016.11.20"]
[Round "?"]
[White "Lines, Daniel"]
[Black "Simonson, Jay"]
[Result "1-0"]
[WhiteElo "1413"]
[BlackElo "1337"]

1. d4 Nc6 2. Nf3 Nf6 3. Nc3 d5 4. Bf4 Bf5 5. e3 e6 6. Ne5 Nxe5 7. Bxe5 Ng4
8. Be2 Qh4 9. Bxg4 Bxg4 10. Bg3 Bxd1 11. Bxh4 Bxc2 12. O-O Bd3 13. Rfc1 
Bd6 14. Rd1 Bf5 15. Rac1 a6 16. Ne2 O-O 17. Bg3 Bxg3 18. Nxg3 Bg4 19. Rd2 
1-0

[Event "S60061 Winter Series"]
[Site "CCLA"]
[Date "2016.01.28"]
[Round "?"]
[White "Cangelosi, Dominic"]
[Black "Acosta, Errol"]
[Result "1-0"]
[WhiteElo "1417"]
[BlackElo "1490"]

1. d4 e6 2. e3 d5 3. Bd3 Bd6 4. f4 Nf6 5. Nd2 O-O 6. Ngf3 c5 7. c3 Nc6 8. 
O-O c4 9. Bc2 h6 10. Ne5 Nd7 11. Ndf3 Ne7 12. Nh4 Nc6 13. Qg4 Ndxe5 14. 
fxe5 Be7 15. Ng6 Bg5 16. Nxf8 Qxf8 17. Bg6 f5 18. exf6 Bxf6 19. Bd2 e5 20.
 Qh5 Ne7 21. dxe5 Nxg6 22. Qxg6 1-0

[Event "S60169 Server NA Class D Ch"]
[Site "CCLA"]
[Date "2016.05.12"]
[Round "?"]
[White "Cangelosi, Dominic"]
[Black "Acosta, Errol"]
[Result "1-0"]
[WhiteElo "1419"]
[BlackElo "1494"]

1. d4 e6 2. e3 d5 3. Bd3 Nf6 4. Nd2 g6 5. f4 Bg7 6. Ngf3 O-O 7. Ne5 Nc6 8.
 Ndf3 a6 9. O-O Nxe5 10. fxe5 Nd7 11. e4 dxe4 12. Bxe4 c6 13. Bd2 Nb6 14. 
b3 Nd5 15. Qc1 f6 16. Bh6 g5 17. Bxg7 Kxg7 18. exf6+ Qxf6 19. Nxg5 Qxf1+ 
20. Qxf1 Rxf1+ 21. Rxf1 Nf6 22. Bd3 h6 23. Nf3 Bd7 24. Ne5 Be8 25. Rf3 Nd5
26. Rg3+ Kh8 27. Ng6+ Bxg6 28. Rxg6 Nf4 29. Rxh6+ Kg8 30. g3 Nxd3 31. cxd3
Re8 32. Rh4 Re7 33. Re4 Kf7 34. Kf2 Kg6 35. h4 Rf7+ 36. Rf4 Rd7 37. Re4 
Re7 38. Kf3 Rf7+ 39. Rf4 Rh7 40. Kg4 Rh5 41. Rf6+ Kxf6 42. Kxh5 b6 43. g4 
c5 44. g5+ Kg7 45. dxc5 bxc5 46. g6 e5 47. Kg5 a5 48. a4 Kg8 49. Kf6 e4 
50. dxe4 c4 51. bxc4 Kf8 52. c5 Kg8 53. c6 1-0

[Event "S60231 Summer Series"]
[Site "CCLA"]
[Date "2016.07.31"]
[Round "?"]
[White "Nurmi, Ronald"]
[Black "Perry, William E."]
[Result "1/2-1/2"]
[WhiteElo "1477"]
[BlackElo "1493"]

1. d4 e6 2. Bf4 Nf6 3. e3 c5 4. c3 Nc6 5. Nd2 d5 6. Ngf3 Bd6 7. Bg3 O-O 8.
 Bd3 Re8 9. Ne5 Bxe5 10. dxe5 Nd7 11. f4 Nf8 12. O-O c4 13. Bc2 Qb6 14. 
Qc1 Qxe3+ 15. Kh1 Qb6 16. Bf2 Qc7 17. Nf3 b5 18. a3 Ng6 19. g3 Bb7 20. Nd4
Nce7 21. Kg1 a6 22. Qd2 f5 23. exf6 gxf6 24. Nxe6 Qd7 25. Nd4 Qh3 26. Bxg6
hxg6 27. Be3 Kf7 28. Rae1 Nf5 29. Nxf5 Qxf5 30. Bd4 Rxe1 31. Rxe1 Re8 32. 
Rxe8 1/2-1/2

[Event "S60201 Summer Series"]
[Site "CCLA"]
[Date "2016.07.31"]
[Round "?"]
[White "Lehr, Mark"]
[Black "Quirk, Michael"]
[Result "1-0"]
[WhiteElo "2129"]
[BlackElo "2166"]

1. d4 e6 2. c4 Bb4+ 3. Bd2 Bxd2+ 4. Qxd2 Nf6 5. Nc3 d5 6. e3 O-O 7. cxd5 
exd5 8. Bd3 Qe7 9. Nge2 Nc6 10. O-O Nb4 11. Bb1 c6 12. f3 Na6 13. a3 Nc7 
14. e4 dxe4 15. fxe4 c5 16. Ba2 cxd4 17. Nxd4 Rd8 18. Qf2 Bg4 19. h3 Be6 
20. Nxe6 fxe6 21. Rac1 Kh8 22. e5 Nd7 23. Qe3 Nd5 24. Nxd5 exd5 25. Rce1 
Qe6 26. Qd4 Nb6 27. Bb3 Rf8 28. Rxf8+ Rxf8 29. Bd1 Qg6 30. Bg4 h5 31. Bd1 
Qg3 32. Re2 Re8 33. Bc2 h4 34. e6 Qg5 35. Re5 Qc1+ 36. Bd1 Kg8 37. e7 Qc7 
38. Bg4 Rxe7 39. Be6+ Rxe6 40. Rxe6 Qc1+ 41. Kf2 Qg5 42. Re8+ Kf7 43. Re5 
Qf6+ 44. Kg1 g5 45. b3 a6 46. Qe3 1-0

[Event "S60159 Server NA Class C Ch"]
[Site "CCLA"]
[Date "2016.05.12"]
[Round "?"]
[White "Nurmi, Ronald"]
[Black "Stetson, Micah P."]
[Result "1-0"]
[WhiteElo "1480"]
[BlackElo "1403"]

1. d4 d6 2. Nf3 Bg4 3. c4 Bxf3 4. exf3 c6 5. Nc3 g6 6. Bd3 Bg7 7. d5 Nf6 
8. O-O O-O 9. Re1 Nbd7 10. f4 Re8 11. f5 Ne5 12. fxg6 fxg6 13. dxc6 bxc6 
14. Bf1 Nfd7 15. Qc2 Rb8 16. Be2 Qc7 17. b3 Nc5 18. Be3 Rf8 19. f4 Ned7 
20. Rad1 e5 21. fxe5 Nxe5 22. h3 Ne6 23. Ne4 Rbd8 24. Nf2 Nf4 25. Bf1 c5 
26. Qe4 Qc6 27. Bxf4 1-0

[Event "S60159 Server NA Class C Ch"]
[Site "CCLA"]
[Date "2016.05.12"]
[Round "?"]
[White "McLaughlin, Ed"]
[Black "Stetson, Micah P."]
[Result "1-0"]
[WhiteElo "1537"]
[BlackElo "1403"]

1. d4 d6 2. Nf3 Bg4 3. e4 Nf6 4. Bd3 c6 5. Bg5 e6 6. Nbd2 Bxf3 7. Nxf3 Be7
8. O-O d5 9. e5 Nfd7 10. Qd2 O-O 11. c3 Re8 12. b4 Na6 13. Qf4 f5 14. Rae1
Nc7 15. a4 Nb6 16. Ra1 Nc4 17. g4 Qd7 18. Kh1 Bxg5 19. Nxg5 g6 20. Rg1 a5 
21. bxa5 Rxa5 22. Rg3 Nb2 23. Bc2 b5 24. gxf5 exf5 25. Nxh7 Qxh7 26. Qxf5 
Re6 27. Rag1 Ra8 28. Rxg6+ Kh8 29. Rxe6 1-0

[Event "S60159 Server NA Class C Ch"]
[Site "CCLA"]
[Date "2016.05.12"]
[Round "?"]
[White "Sanchez, David A."]
[Black "Stetson, Micah P."]
[Result "0-1"]
[WhiteElo "1453"]
[BlackElo "1403"]

1. d4 d6 2. Nf3 Bg4 3. e4 Nf6 4. Nc3 c6 5. Be2 e6 6. h3 Bh5 7. Be3 Be7 8. 
O-O d5 9. Bd3 dxe4 10. Nxe4 Nxe4 11. Bxe4 Nd7 12. Qd3 f5 0-1

[Event "S60279 Premier Quad"]
[Site "CCLA"]
[Date "2017.01.07"]
[Round "?"]
[White "Anderson, Clarence"]
[Black "Shannon, Paul D."]
[Result "1/2-1/2"]
[WhiteElo "1853"]
[BlackElo "1828"]

1. e4 e6 2. d4 c5 3. d5 exd5 4. exd5 d6 5. Nf3 Nf6 6. Be2 Be7 7. O-O O-O 
8. Nc3 Na6 9. Bxa6 bxa6 10. Qd3 Re8 11. Re1 Bb7 12. Bg5 h6 13. Bh4 Qd7 14.
 h3 Nh5 15. Bxe7 Rxe7 16. Rxe7 Qxe7 17. Re1 Qd7 18. Qe4 Nf6 19. Qe7 Rd8 
20. Qxd7 Rxd7 21. Rd1 Re7 22. Nh2 Bc8 23. Nf1 Bf5 24. Ne3 Bg6 25. Kf1 Kf8 
26. Ne2 Rb7 27. b3 Ke7 28. c4 Nd7 29. Nf4 Bh7 30. Nd3 a5 31. Nb2 Ne5 32. 
Ke2 f5 33. f4 Nd7 34. Na4 Nf6 35. Nc3 g5 36. Kf3 Kf7 37. g4 fxg4+ 38. hxg4
Kg7 39. Re1 gxf4 40. Nf5+ Bxf5 41. gxf5 a6 42. Re6 Rd7 43. Ne4 Nxe4 44. 
Kxe4 f3 45. Kxf3 a4 46. Rg6+ Kh7 47. bxa4 a5 48. a3 Rd8 49. Kg4 Rg8 50. 
Rxg8 Kxg8 51. f6 Kf8 52. Kh4 1/2-1/2

[Event "S60221 Summer Series"]
[Site "CCLA"]
[Date "2016.07.31"]
[Round "?"]
[White "McLaughlin, Ed"]
[Black "Zarges, Ron V."]
[Result "0-1"]
[WhiteElo "1633"]
[BlackElo "1655"]

1. d4 Nf6 2. b3 g6 3. Bb2 Bg7 4. Nd2 d6 5. e4 O-O 6. Bc4 e6 7. f4 d5 8. 
exd5 exd5 9. Be2 Re8 10. h3 Nh5 11. Kf2 Qh4+ 0-1

[Event "S60221 Summer Series"]
[Site "CCLA"]
[Date "2016.07.31"]
[Round "?"]
[White "McLaughlin, Ed"]
[Black "Mann, Wallace"]
[Result "0-1"]
[WhiteElo "1633"]
[BlackElo "1528"]

1. d4 Nf6 2. e3 g6 3. b3 d5 4. Bb2 Bg7 5. Nd2 O-O 6. c4 c6 7. Rc1 b6 8. 
Ngf3 Bb7 9. Bd3 Nbd7 10. O-O c5 11. dxc5 Nxc5 12. Be2 Ne6 13. Qc2 Rc8 14. 
Qd1 Qd7 15. Ne5 Qd8 16. Ndf3 Ne4 17. cxd5 Rxc1 18. Qxc1 Bxd5 19. Rd1 Qa8 
20. Nd7 Rc8 21. Qa1 Nc3 22. Bxc3 Rxc3 23. Nde5 Qc8 24. Qb1 Qc7 25. Nd3 a5 
26. Rc1 b5 27. Rxc3 Qxc3 28. Qc1 b4 29. Qxc3 Bxc3 30. Kf1 Bc6 31. Nfe5 Bb5
32. Nc4 a4 33. Na5 Nc7 34. Nc5 axb3 35. axb3 Be8 36. Bc4 e6 37. Ke2 Bf6 
38. Ne4 Be7 39. Nb7 Bc6 40. Nbc5 Bd5 41. Kd3 f5 0-1

[Event "S60109 Regular Quad"]
[Site "CCLA"]
[Date "2016.03.11"]
[Round "?"]
[White "Rasmussen, Bruce A."]
[Black "Taylor, Bobby C."]
[Result "0-1"]
[WhiteElo "1341"]
[BlackElo "1614"]

1. d4 Nf6 2. e3 d6 3. Be2 g6 4. Nd2 Bg7 5. Ngf3 O-O 6. O-O b6 7. e4 c5 8. 
e5 Nd5 9. h3 cxd4 10. Bc4 dxe5 11. Re1 e6 12. Ne4 Qc7 13. c3 Qxc4 14. b3 
Qc7 15. c4 Nf6 16. Nfg5 Nxe4 17. Rxe4 h6 18. Nf3 Nd7 19. Ba3 Re8 20. Qd2 
Bb7 21. Rh4 h5 22. Ng5 Qc6 23. f3 Nf6 24. Re1 Qc7 25. f4 Nh7 26. fxe5 Bxe5
27. g4 Nxg5 28. Qxg5 Bh2+ 29. Kf1 Qg3 30. Ke2 Qf3+ 0-1

[Event "S60041 Winter Series"]
[Site "CCLA"]
[Date "2016.01.28"]
[Round "?"]
[White "Anderson, Clarence"]
[Black "Shannon, Paul D."]
[Result "0-1"]
[WhiteElo "1853"]
[BlackElo "1828"]

1. d4 Nf6 2. Bf4 e6 3. e3 c5 4. c3 cxd4 5. exd4 Be7 6. Nf3 O-O 7. Bd3 b6 
8. Nbd2 Bb7 9. Qe2 d6 10. h4 Nbd7 11. O-O-O Rc8 12. Kb1 Nd5 13. Bg5 N7f6 
14. Ne4 h6 15. Bd2 Qd7 16. h5 Nxe4 17. Bxe4 Nf6 18. Bxb7 Qxb7 19. Rde1 b5 
20. g4 d5 21. g5 hxg5 22. Bxg5 Ne4 23. Bxe7 Qxe7 24. Ne5 Rc7 25. f3 Ng3 
26. Qxb5 Nxh1 27. Rxh1 Rb7 28. Qa5 Qg5 29. Qa3 Qg2 30. Rc1 Qh2 31. b3 Rc8 
32. Rc2 Qxh5 33. Qa6 Rbc7 34. Kb2 Qh3 35. Qe2 f6 36. Ng4 Kf7 37. Qe3 Qg3 
38. Re2 Rc6 39. c4 dxc4 40. bxc4 Qb8+ 41. Ka1 Rb6 42. Qd3 Rxc4 43. Re1 Qc7
44. Qd2 Rc2 45. Qe3 Qc4 46. Qa3 Qxd4+ 0-1

[Event "S67099 Gustafson Memorial Open"]
[Site "CCLA"]
[Date "2016.11.20"]
[Round "?"]
[White "Nurmi, Ronald"]
[Black "Buganza, Nathan J."]
[Result "1-0"]
[WhiteElo "1445"]
[BlackElo "1411"]

1. d4 Nf6 2. Bf4 e6 3. e3 d5 4. Nf3 Bd6 5. Ne5 Bxe5 6. dxe5 Nfd7 7. Qg4 h6
8. Qxg7 Rf8 9. Qxh6 Qe7 10. Bd3 b6 11. Nc3 Nc6 12. O-O-O Ndxe5 13. Be2 Bb7
14. Qh5 a5 15. Bxe5 Kd7 16. Nxd5 exd5 17. Rxd5+ 1-0

[Event "S60159 Server NA Class C Ch"]
[Site "CCLA"]
[Date "2016.05.12"]
[Round "?"]
[White "Perry, William E."]
[Black "Moujan, Pablo"]
[Result "0-1"]
[WhiteElo "1417"]
[BlackElo "1536"]

1. d4 Nf6 2. Bf4 e6 3. e3 Be7 4. Nf3 d5 5. c3 Nbd7 6. Nbd2 O-O 7. Bd3 c5 
8. Ne5 c4 9. Bc2 h6 10. O-O a5 11. a4 Nb6 12. Bg3 Bd7 13. Nxd7 Qxd7 14. 
Nf3 Bd6 15. Ne5 Qc7 16. f4 Nbd7 17. Nxd7 Qxd7 18. Qf3 Rfb8 19. f5 Bxg3 20.
 Qxg3 b5 21. axb5 Ne4 22. Bxe4 dxe4 23. f6 g6 24. Qf4 Kh7 25. Qxe4 Qxb5 
26. Rab1 a4 27. h3 Ra5 28. g4 Qg5 29. Qf4 Qxf4 30. exf4 Rab5 31. h4 a3 32.
 Ra1 axb2 33. Rab1 Rb3 34. Rf2 g5 35. hxg5 hxg5 36. fxg5 Kg6 37. Kg2 Kxg5 
38. Rf3 Ra8 39. Rf2 Ra2 0-1

[Event "S67039 Gustafson Memorial Open"]
[Site "CCLA"]
[Date "2016.11.20"]
[Round "?"]
[White "Teverovski, Bogoljub"]
[Black "Clancey, James"]
[Result "1-0"]
[WhiteElo "1967"]
[BlackElo "2007"]

1. d4 Nf6 2. Bg5 e6 3. Nd2 h6 4. Bh4 c5 5. e4 cxd4 6. e5 g5 7. Bg3 Nd5 8. 
h4 gxh4 9. Bxh4 Qc7 10. Ngf3 Nc6 11. Bc4 Nxe5 12. Bxd5 1-0

[Event "S67099 Gustafson Memorial Open"]
[Site "CCLA"]
[Date "2016.11.20"]
[Round "?"]
[White "Nurmi, Ronald"]
[Black "Perry, William E."]
[Result "1/2-1/2"]
[WhiteElo "1445"]
[BlackElo "1465"]

1. d4 Nf6 2. Bg5 e6 3. e4 h6 4. Bxf6 Qxf6 5. c3 d5 6. Nd2 c5 7. Ngf3 Nc6 
8. Bb5 Bd7 9. O-O cxd4 10. Nxd4 Be7 11. Qa4 e5 12. exd5 exd4 13. Ne4 Qg6 
14. Rfe1 dxc3 15. dxc6 Bxc6 16. Bxc6+ Qxc6 17. Qxc6+ bxc6 18. Nxc3 Rb8 19.
 Re2 Rb7 20. Rae1 f5 21. b3 Kf7 22. Rc2 Bb4 23. Re3 Bxc3 24. Rexc3 Rd8 25.
 g3 Rd6 26. Rxc6 Rxc6 27. Rxc6 Ke7 28. f4 Kd7 29. Rc4 Rb6 30. Kf2 Ra6 31. 
Rc2 Re6 32. a4 Rb6 33. Rc3 Re6 34. Rc4 Rb6 35. b4 Re6 36. a5 Rc6 37. Rd4+ 
Kc7 38. b5 1/2-1/2